01274nam a2200313 i 450000100060000000300090000600500170001500800390003201500170007104000280008804100130011608000100012910000450013924500680018424600380025226000470029030000680033733600270040533700540043233800280048638000170051450001630053165800220069465800510071665800130076765000130078071000690079385600980086213721KOSZ 00520191214090758.0081119s1951 pl a g 000 0 pol aPB 1951/4008 aWA NcWA NdKOSZ 005/RW1 apolhrus a335.51 aLenin, Włodzimierzd(1870-1924).eAutor10aDzieła.nT. 23,pSierpień 1916 - marzec 1917 /cV. I. Lenin.1 iTytuł oryginału:aSočineniâ aWarszawa :b"Książka i Wiedza",c1951. aVIII, 454, [2] strony, [2] karty tablic :bilustracje ;c20 cm. aTekstbtxt2rdacontent aBez urządzenia pośredniczącegobn2rdamedia aWoluminbnc2rdacarrier aKsiążki. aPrzekład z 4 wydania rosyjskiego przygotowanego przez Instytut Marksa - Engelsa - Lenina przy KC WKP. Wydanie polskie drukuje się na mocy uchwały KC PZPR. aFilozofia i etyka aPolityka, politologia, administracja publiczna aHistoria 4aMarksizm2 aSpółdzielnia Wydawniczo-Handlowa "Książka i Wiedza"4pbl. uhttp://koha.tu.koszalin.pl/cgi-bin/koha/opac-detail.pl?biblionumber=13721yKatalog online BPK